Principes de phonologie (1976) (Record n. 65635)

Dettagli MARC
000 -LEADER
fixed length control field 01227nam a2200325Ia 4500
001 - CONTROL NUMBER
control field 12965
003 - CONTROL NUMBER IDENTIFIER
control field IT-RoPAU
008 - FIXED-LENGTH DATA ELEMENTS--GENERAL INFORMATION
fixed length control field 130308s9999 xx 000 0 und d
040 ## - CATALOGING SOURCE
Original cataloging agency IT-RoPAU
040 ## - CATALOGING SOURCE
Transcribing agency IT-RoPAU
041 ## - LANGUAGE CODE
Language code of text/sound track or separate title FRANCESE
999 ## - SYSTEM CONTROL NUMBERS (KOHA)
Koha Dewey Subclass [OBSOLETE] SI
100 ## - MAIN ENTRY--PERSONAL NAME
Personal name Troubetzkoy Nicolas
100 ## - MAIN ENTRY--PERSONAL NAME
Miscellaneous information Codice Aut. SPICS: 324
240 ## - UNIFORM TITLE
Uniform title GRUNDZUGE DER PHONOLOGIE
240 ## - UNIFORM TITLE
Miscellaneous information Codice Tit. Orig. Spics: T0840
245 ## - TITLE STATEMENT
Title Principes de phonologie (1976)
245 ## - TITLE STATEMENT
Remainder of title Principes de Phonologie (1976)
250 ## - EDITION STATEMENT
Edition statement 2a ed.
260 ## - PUBLICATION, DISTRIBUTION, ETC. (IMPRINT)
Place of publication, distribution, etc. PARIS
260 ## - PUBLICATION, DISTRIBUTION, ETC. (IMPRINT)
Name of publisher, distributor, etc. Klincksieck
260 ## - PUBLICATION, DISTRIBUTION, ETC. (IMPRINT)
Date of publication, distribution, etc. 1976 [1° Ed.:1970 - Ed.Ling.Originale:1939]
300 ## - PHYSICAL DESCRIPTION
Extent "430 p. (prefazione: 34; testo: 396)"
500 ## - GENERAL NOTE
General note Principi di Fonologia regole per la Determinazione dei Fonemi classificazione Logica delle Opposizioni Distintive sistemi Fonologici delle Opposizioni Foniche Distintive caratteristiche delle Vocali Consonanti caratteristiche Prosodiche Elementi Distintivi Anomali Tipi di Neutralizzazioni delle Opposizioni Distintive gruppi di Fonemi Statistiche Fonologiche Funzione Fonica Differenziale Segno
650 ## - SUBJECT ADDED ENTRY--TOPICAL TERM
Topical term or geographic name as entry element LINGUISTICA
650 ## - SUBJECT ADDED ENTRY--TOPICAL TERM
Relator term Codice materia Spics: 3201
942 ## - ADDED ENTRY ELEMENTS (KOHA)
Koha item type LIBRO
957 ## -
-- 1
999 ## - SYSTEM CONTROL NUMBERS (KOHA)
-- 1
Dati di copia
Withdrawn status Lost status Damaged status Not for loan Home library Current library Date acquired Total Checkouts Full call number Date last seen Price effective from Koha item type Public note
    Buone Condizioni Not For Loan SPICS-MEDIATECA SPICS-MEDIATECA 08/03/2013   12965 08/03/2013 08/03/2013 LIBRO Progressivo inserimento: 2804 / N. Volumi: 1 Copie: 1 Copia Rara: SI / data import: 1 marzo 2013 - By Epidotti, Trombetti, Vaglietti.
CREDITS: SOCIETA' SAN PAOLO Via A.Severo, 58 - ROMA (RM) & PERIODICI SAN PAOLO SRL Via Giotto, 36 MILANO & CISF Via Giotto, 36 MILANO & EDIZIONI SAN PAOLO SRL,  Piazza Soncino, 5 CINISELLO BALSAMO (MI) -- ITALY